CETA a jej prínos z hľadiska medzinárodnoprávnej ochrany investícií diplomová práca

Saved in:
Bibliographic Details
Main Author: Kelecsényi, Richard
Corporate Author: Fakulta medzinárodných vzťahov EU. Katedra medzinárodného práva
Other Authors: Brocková, Katarína, 1976-
Format: Book
Language:Slovak
Published: Bratislava 2018
Tags: Add Tag
No Tags, Be the first to tag this record!

MARC

LEADER 00000nbm a2200000 4500
001 0247280
005 20180924083350.3
041 0 |a slo 
044 |a SK 
245 1 0 |a CETA a jej prínos z hľadiska medzinárodnoprávnej ochrany investícií  |b diplomová práca  |c Richard Kelecsényi ; školiteľ: Katarína Brocková 
264 1 |a Bratislava  |c 2018 
300 |a 110 s. 
100 1 |a Kelecsényi, Richard 
700 1 |a Brocková, Katarína, 1976- 
710 2 |a Fakulta medzinárodných vzťahov EU. Katedra medzinárodného práva